000
00329 a2200157 4500
001
56744
020
_a
8532249981
040
_c
Anchieta - Pituba
100
_a
Carrasco, Walcyr
240
1
0
_a
Os miseráveis
_l
por
245
1
0
_a
Os miseráveis
300
_a
160
362
0
_a
2002
650
4
_a
Literatura juvenil
942
_c
BK
999
_c
56744
_d
56744